[Event "POL-chT2"]
[Site "Poronin POL"]
[Date "2016.09.06"]
[Round "4.17"]
[White "Schmidt, Wlodzimierz"]
[Black "Praszak, Michal"]
[Result "1/2-1/2"]
[WhiteElo "2289"]
[BlackElo "2095"]
[EventDate "2016.09.02"]

1.d4 Nf6 2.c4 c5 3.d5 b5 4.cxb5 a6 5.bxa6 g6 6.Nc3 Bg7 7.Nf3 O-O 8.g3 d6 
9.Bg2 Rxa6 10.O-O Nbd7 11.h3 Bb7 12.e4 Ne8 13.Qc2 Nc7 14.Re1 Qa8 15.Bd2 e6
16.dxe6 Nxe6 17.Nb5 d5 18.Ng5 Nxg5 19.Bxg5 Rxa2 20.Rxa2 Qxa2 21.exd5 Bxd5 
22.Nc3 Qb3 23.Qxb3 Bxb3 24.Re7 Ne5 25.Rc7 Nd3 26.Be7 Rb8 27.Bxc5 Nxc5 28.
Rxc5 Be6 29.Rb5 Rxb5 30.Nxb5 Bxb2 31.Nc7 1/2-1/2

[Event "POL-chT2"]
[Site "Poronin POL"]
[Date "2016.09.06"]
[Round "4.18"]
[White "Toma, Katarzyna"]
[Black "Dmochowska, Agnieszka"]
[Result "1/2-1/2"]
[WhiteElo "2324"]
[BlackElo "1995"]
[EventDate "2016.09.02"]

1.e4 c5 2.Nf3 Nc6 3.Bb5 Nf6 4.Nc3 g6 5.e5 Ng4 6.Qe2 Bg7 7.Bxc6 dxc6 8.h3 
Nh6 9.Ne4 b6 10.d3 O-O 11.Bf4 f6 12.O-O Nf5 13.exf6 exf6 14.Rfe1 Ba6 15.
Ng3 Nd4 16.Nxd4 Qxd4 17.Qe6+ Kh8 18.Ne4 Rae8 19.Qxc6 f5 20.c3 Qxd3 21.Ng5 
Bb5 22.Qc7 Qd7 23.Qxd7 Bxd7 24.Red1 Bb5 25.a4 Bc4 26.Rd7 h6 27.Nf3 Rf7 28.
Rxf7 Bxf7 29.a5 Re2 30.axb6 axb6 31.Ra8+ Kh7 32.Ra7 Kg8 33.Ra8+ Kh7 34.Ra7
Kg8 35.Ra8+ 1/2-1/2

[Event "POL-chT2"]
[Site "Poronin POL"]
[Date "2016.09.06"]
[Round "4.19"]
[White "Krzywda, Andrzej"]
[Black "Janaszak, Dawid"]
[Result "0-1"]
[WhiteElo "2148"]
[BlackElo "2384"]
[EventDate "2016.09.02"]

1.e4 d6 2.d4 Nf6 3.Nc3 Nbd7 4.h3 e5 5.Be3 c6 6.a4 Be7 7.g4 Qa5 8.Bg2 d5 9.
exd5 Nxd5 10.Bd2 Nf4 11.Bxf4 exf4 12.Qe2 Nf6 13.O-O-O Be6 14.g5 Qxg5 15.
Nf3 Qa5 16.Ne5 O-O 17.Rhg1 Rac8 18.Nxf7 Kxf7 19.Rde1 Qf5 20.Ne4 Nd5 21.Bf3
Nc7 22.Bg4 f3 23.Qd2 Qd5 24.Bxf3 Qa2 25.Bh5+ g6 26.Qh6 Ke8 27.Nc3 Qa1+ 28.
Kd2 Qxb2 29.Bg4 Rxf2+ 30.Ke3 Qxc2 31.Re2 Rxe2+ 32.Nxe2 Nd5+ 33.Kf2 Bxg4 
34.Rxg4 Kd7 35.Rg2 Rf8+ 36.Kg3 Bd6+ 37.Kg4 Qe4+ 0-1

[Event "POL-chT2"]
[Site "Poronin POL"]
[Date "2016.09.06"]
[Round "4.20"]
[White "Dudzinski, Piotr"]
[Black "Zgadzaj, Rafal"]
[Result "1-0"]
[WhiteElo "2379"]
[BlackElo "2142"]
[EventDate "2016.09.02"]

1.e4 d6 2.d4 g6 3.Nc3 Bg7 4.Be3 a6 5.a4 b6 6.Qd2 Bb7 7.f3 Nd7 8.Bc4 c6 9.
Nh3 e6 10.O-O Ne7 11.Bh6 O-O 12.Bxg7 Kxg7 13.Nf4 d5 14.Bb3 Re8 15.Rae1 Qc7
16.Nce2 Rad8 17.Ng3 c5 18.c3 cxd4 19.cxd4 e5 20.Nxd5 Nxd5 21.exd5 Nf6 22.
Nf5+ Kh8 23.Qh6 Nh5 24.d6 Qd7 25.Bc2 exd4 26.Re7 Rxe7 27.dxe7 Rg8 28.Re1 
Bc6 29.Qf8 gxf5 30.e8=Q Qxe8 31.Rxe8 Bxe8 32.Qd6 d3 33.Bxd3 b5 34.Bxf5 Ng7
35.Qf6 bxa4 36.h4 Rf8 37.Qh6 Rg8 1-0

[Event "POL-chT2"]
[Site "Poronin POL"]
[Date "2016.09.06"]
[Round "4.21"]
[White "Malecki, Rafal"]
[Black "Szadkowski, Kamil"]
[Result "0-1"]
[WhiteElo "2027"]
[BlackElo "2198"]
[EventDate "2016.09.02"]

1.e4 c5 2.Nf3 e6 3.b3 Nf6 4.e5 Nd5 5.Bb2 Be7 6.c4 Nc7 7.Nc3 O-O 8.Ne4 Nc6 
9.Bd3 f5 10.exf6 gxf6 11.h4 Rf7 12.Rh3 d5 13.Neg5 fxg5 14.Nxg5 Bxg5 15.
hxg5 e5 16.Bxh7+ Rxh7 17.Rxh7 Bf5 18.Rh5 Qd7 19.Rh6 Nb4 20.Qh5 Qg7 21.g4 
Nd3+ 22.Kf1 Be4 23.Ba3 Rf8 24.cxd5 Rxf2+ 25.Kg1 Rg2+ 26.Kf1 Nf4 27.Qh4 
Bd3+ 28.Ke1 e4 29.Rc1 Rg1+ 30.Kf2 Qd4# 0-1

[Event "POL-chT2"]
[Site "Poronin POL"]
[Date "2016.09.06"]
[Round "4.22"]
[White "Michalski, Filip"]
[Black "Sztwiertnia, Jan Krzysztof"]
[Result "1-0"]
[WhiteElo "2151"]
[BlackElo "2128"]
[EventDate "2016.09.02"]

1.d4 Nf6 2.c4 e6 3.Nc3 Bb4 4.e3 c5 5.Ne2 b6 6.a3 Ba5 7.Rb1 Na6 8.Ng3 Bb7 
9.f3 O-O 10.Bd3 Bxc3+ 11.bxc3 d6 12.O-O Nb8 13.e4 Nc6 14.d5 Ne5 15.Qe2 Re8
16.f4 Nxd3 17.Qxd3 exd5 18.cxd5 Qe7 19.Bd2 Qd7 20.Rfe1 Qa4 21.c4 Ba6 22.
Rbc1 Qd7 23.Nf5 g6 24.Nh6+ Kf8 25.Qf3 Ng8 26.Ng4 f5 27.Nf2 fxe4 28.Nxe4 
Re7 29.Ng5 Rxe1+ 30.Rxe1 Nh6 31.Qc3 Kg8 32.Ne6 Re8 33.Bc1 Nf5 34.Bb2 Nd4 
35.f5 Qf7 36.fxg6 Qxg6 37.Re3 h6 38.Kf2 Qf5+ 39.Rf3 Qe4 40.Re3 Qf5+ 41.Rf3
Qe4 42.Rg3+ Kh7 43.Re3 Qf5+ 44.Rf3 Qe4 45.Rf7+ Kg6 46.Qg3+ Kh5 47.Ng7# 1-0

[Event "POL-chT2"]
[Site "Poronin POL"]
[Date "2016.09.06"]
[Round "4.23"]
[White "Szajda, Marcin"]
[Black "Wlodarczyk, Oskar"]
[Result "0-1"]
[WhiteElo "2033"]
[BlackElo "2275"]
[EventDate "2016.09.02"]

1.e4 e5 2.Nf3 Nf6 3.d4 exd4 4.e5 Ne4 5.Qxd4 d5 6.exd6 Nxd6 7.Bd3 Nc6 8.Qf4
Be7 9.O-O Be6 10.Nc3 Qd7 11.Be3 O-O 12.Rad1 Bf5 13.Ne4 Bg6 14.Nxd6 Bxd6 
15.Bxg6 fxg6 16.Qh4 Rxf3 17.gxf3 Ne5 18.Kg2 Rf8 19.f4 g5 20.Qxg5 Rf5 21.
Qg3 Qc6+ 22.f3 Ng6 23.Rf2 Qe8 24.Qg4 Qxe3 25.Rd3 Qxf4 26.Rd4 Qxh2+ 27.Kf1 
Qh1+ 28.Ke2 Re5+ 29.Kd3 Qd1+ 30.Kc4 Qe1 31.Rfd2 Qf1+ 32.R2d3 Re8 33.Qd7 
Ne5+ 0-1

[Event "POL-chT2"]
[Site "Poronin POL"]
[Date "2016.09.06"]
[Round "4.24"]
[White "Magnucka, Milena"]
[Black "Chmiel, Dominika"]
[Result "1/2-1/2"]
[WhiteElo "1994"]
[BlackElo "2102"]
[EventDate "2016.09.02"]

1.e4 e5 2.Nf3 Nc6 3.d4 exd4 4.Nxd4 Nf6 5.Nxc6 bxc6 6.e5 Nd5 7.c4 Nb6 8.Bd3
Bb4+ 9.Bd2 Qe7 10.O-O Ba6 11.b3 O-O-O 12.Bxb4 Qxb4 13.Nd2 d5 14.exd6 Rxd6 
15.Qc2 Rhd8 16.Bf5+ Kb8 17.Nf3 Qc5 18.Rfe1 f6 19.Rac1 g6 20.Bh3 Rd3 21.
Rcd1 Rxd1 22.Rxd1 Rxd1+ 23.Qxd1 Qd6 24.Qe2 f5 25.g3 Nd7 26.Bg2 Bc8 27.Ng5 
h6 28.Nf3 c5 29.Qd2 Qxd2 30.Nxd2 Nf8 31.Nf3 a6 32.Ne5 Ka7 33.Kf1 Kb6 34.
Ke2 Ka5 35.Kd2 Be6 36.Kc3 g5 37.a3 Kb6 38.b4 Nd7 39.Nxd7+ Bxd7 40.f4 cxb4+
41.axb4 c5 42.fxg5 hxg5 43.h4 gxh4 44.gxh4 Be8 45.Bf3 cxb4+ 46.Kxb4 a5+ 
47.Kc3 Kc5 48.h5 Bf7 49.h6 Bg6 50.Bd1 Bh7 51.Bc2 Bg6 52.Bd3 Bh7 53.Kb3 Kd4
54.Bf1 f4 55.Ka4 Ke5 56.Kxa5 Kf6 57.c5 Be4 58.Kb6 Kg6 59.c6 Bxc6 1/2-1/2

[Event "POL-chT2"]
[Site "Poronin POL"]
[Date "2016.09.06"]
[Round "4.25"]
[White "Ponizil, Cyril"]
[Black "Lubczynski, Rafal"]
[Result "0-1"]
[WhiteElo "2521"]
[BlackElo "2431"]
[EventDate "2016.09.02"]

1.e4 d6 2.d4 Nf6 3.Nc3 e5 4.Nf3 Nbd7 5.Bc4 Be7 6.O-O O-O 7.a4 c6 8.Re1 a5 
9.h3 h6 10.Be3 Nh7 11.d5 Nb6 12.Bb3 Kh8 13.Qe2 f5 14.dxc6 bxc6 15.Rad1 Qc7
16.exf5 Bxf5 17.Ne4 Rab8 18.Ng3 Bg6 19.c3 Qc8 20.Bc1 Qe8 21.Qa6 Nd7 22.Ba2
Nc5 23.Qe2 Nxa4 24.Ne4 d5 25.Ng3 e4 26.Nd4 Bg5 27.Nb3 e3 28.Bxe3 Bxe3 29.
fxe3 Qe5 30.Rd4 Qxg3 31.Rg4 Nxc3 32.bxc3 Qd6 33.Qd2 Ng5 34.Nxa5 Qa3 35.
Nxc6 Rb2 36.Qxd5 Qxa2 37.Qxa2 Rxa2 38.Ne5 Bh5 39.Rf4 Re8 40.Nd3 Rc2 41.Rc4
Ne4 42.Rc1 Rd2 43.Nf4 Bf7 44.Rd4 g5 45.Nd3 Ng3 0-1

[Event "POL-chT2"]
[Site "Poronin POL"]
[Date "2016.09.06"]
[Round "4.26"]
[White "Chojnacki, Krzysztof"]
[Black "Piesik, Piotr"]
[Result "1/2-1/2"]
[WhiteElo "2369"]
[BlackElo "2298"]
[EventDate "2016.09.02"]

1.d4 Nf6 2.c4 e6 3.Nf3 Bb4+ 4.Nbd2 a5 5.a3 Bxd2+ 6.Qxd2 a4 7.Qc2 d6 8.Bg5 
Nbd7 9.e3 Qe7 10.Be2 e5 11.Bh4 O-O 12.O-O b6 13.Ng5 h6 14.Nh7 Re8 15.Bf3 
Ra5 16.Nxf6+ Nxf6 17.Bc6 Bd7 18.Bxd7 Qxd7 19.dxe5 Raxe5 20.Bxf6 gxf6 21.
Rad1 Qc6 22.Rd4 Re4 23.Rxe4 Rxe4 24.Rc1 Rg4 25.g3 Re4 26.Qc3 Kg7 27.Rc2 h5
28.h4 Rg4 29.Qd3 Qe8 30.Qf5 Qe5 31.Qf3 Qe6 32.Qd5 Qe5 33.Kg2 Qe6 34.Rc3 
Qe5 35.Qc6 Qe4+ 36.Qxe4 Rxe4 37.Kf3 f5 38.Ke2 Rg4 39.Kd3 Kf6 40.Rc2 Ke5 
1/2-1/2

[Event "POL-chT2"]
[Site "Poronin POL"]
[Date "2016.09.06"]
[Round "4.27"]
[White "Paszewski, Mateusz"]
[Black "Musialkiewicz, Jan"]
[Result "1-0"]
[WhiteElo "2272"]
[BlackElo "2264"]
[EventDate "2016.09.02"]

1.c4 c6 2.Nf3 d5 3.e3 Nf6 4.Nc3 e6 5.Qc2 Nbd7 6.b3 Be7 7.Bb2 b6 8.Be2 Bb7 
9.d4 c5 10.cxd5 exd5 11.O-O O-O 12.Rfd1 Rc8 13.Rac1 Qc7 14.Qb1 Qb8 15.Bf1 
Rfd8 16.g3 a6 17.dxc5 bxc5 18.Bg2 Qa8 19.Ne1 Nb6 20.Nd3 Bd6 21.Ne2 Ne4 22.
Ndf4 Bf8 23.Nc3 Nf6 24.Rd2 Ne4 25.Nxe4 dxe4 26.Rxd8 Rxd8 27.Ba3 Rc8 28.Ne2
Rc7 29.Nc3 f5 30.Rd1 Nd5 31.Nxd5 Bxd5 32.Bf1 Be6 33.Qc2 Qc6 34.Bc4 Kf7 35.
Kg2 Be7 36.Qe2 g6 37.Bb2 a5 38.Bxe6+ Qxe6 39.Qb5 c4 40.Qxa5 Rc5 41.Qc3 f4 
42.exf4 e3 43.Re1 e2 44.Qf3 Rh5 45.h4 c3 46.Bxc3 Rc5 47.Rxe2 1-0

[Event "POL-chT2"]
[Site "Poronin POL"]
[Date "2016.09.06"]
[Round "4.29"]
[White "Flis, Jacek"]
[Black "Bardeli, Lukasz"]
[Result "1-0"]
[WhiteElo "2270"]
[BlackElo "2188"]
[EventDate "2016.09.02"]

1.e4 c5 2.Nf3 Nc6 3.Nc3 g6 4.d4 cxd4 5.Nxd4 Bg7 6.Nb3 Nf6 7.Be2 O-O 8.O-O 
d6 9.Bg5 a5 10.a4 Be6 11.Qd2 Rc8 12.Rfe1 Re8 13.Bb5 Bxb3 14.cxb3 Nd7 15.
Nd5 Nd4 16.Rac1 Rxc1 17.Qxc1 Nxb5 18.axb5 Nc5 19.Qc4 h6 20.Be3 e6 21.Nc3 
b6 22.Rd1 Qc7 23.Na4 Rc8 24.Rc1 Kh7 25.f3 Be5 26.f4 Bg7 27.f5 exf5 28.exf5
Re8 29.Bxc5 dxc5 30.Rf1 Re5 31.f6 Bf8 32.Nxb6 Kg8 33.Nd5 Qd6 34.Nc3 Rh5 
35.g3 Qd4+ 36.Kg2 Bd6 37.Qe2 Re5 38.Qf3 Re3 39.Qd1 Rd3 40.Qe1 Be5 41.b6 
Re3 42.Qf2 Bb8 43.Rd1 Qe5 44.Rd8+ Kh7 45.Qf4 Qe6 46.Rh8+ 1-0

[Event "POL-chT2"]
[Site "Poronin POL"]
[Date "2016.09.06"]
[Round "4.30"]
[White "Golek, Jagoda"]
[Black "Lach, Aleksandra"]
[Result "0-1"]
[WhiteElo "2044"]
[BlackElo "2154"]
[EventDate "2016.09.02"]

1.e4 c5 2.Nf3 d6 3.Bb5+ Nd7 4.d4 cxd4 5.Qxd4 a6 6.Bxd7+ Bxd7 7.Nc3 e6 8.
O-O Qc7 9.Bg5 f6 10.Be3 Ne7 11.Rad1 Nc6 12.Qd2 Ne5 13.Nxe5 dxe5 14.f4 exf4
15.Bxf4 Qc6 16.Qe2 Bc5+ 17.Be3 O-O 18.Kh1 Bb4 19.Bd2 Bxc3 20.Bxc3 e5 21.
Rd2 Qb5 22.Qxb5 Bxb5 23.Re1 Rfd8 24.Rxd8+ Rxd8 25.Kg1 Rc8 26.Kf2 Kf7 27.
Ke3 Rc4 28.Kd2 Ke6 29.Re3 g6 30.g3 Rc7 31.Re1 Bc6 32.Ke3 Rd7 33.g4 b5 34.
a3 Bb7 35.Rf1 Rc7 36.Re1 Rc4 37.Kd3 Rc7 38.Ke3 g5 39.Re2 h5 40.gxh5 Rh7 
41.Be1 Rxh5 42.b3 Rh3+ 43.Bg3 Rh8 44.Be1 Rd8 45.Rd2 Rc8 46.Re2 Kf7 47.Bb4 
Rh8 48.Be1 Kg6 49.Rd2 Rh7 50.Re2 Rc7 51.Ba5 Rd7 52.Bc3 Rd8 53.Rg2 Kh5 54.
Rf2 Rd6 55.Bb4 Rc6 56.Be7 Kg6 57.Bb4 Rc7 58.Re2 Ba8 59.Ba5 Rd7 60.Bc3 g4 
61.Rg2 Kh5 62.Rf2 Rd6 63.Rg2 Rd1 64.Rf2 Kg5 65.Bd2 Rg1 66.Bb4 g3 67.hxg3 
Rxg3+ 68.Ke2 Bxe4 69.Be7 Bf5 70.Kd2 Kg6 71.Bd6 Rh3 72.Rg2+ Kf7 73.Rf2 Ke6 
74.Bc5 Bg4 75.Be3 Rh1 76.Rg2 f5 77.Rg1 Rh2+ 78.Kc3 Kd5 79.Rf1 Re2 80.Bg5 
Ke4 81.Be7 f4 82.Bc5 Kd5 83.Bb6 Bf5 84.Rf2 Rxf2 85.Bxf2 Ke4 86.Kd2 Kf3 87.
Bc5 e4 88.c4 bxc4 89.bxc4 Be6 90.Bd4 Bxc4 91.Bf6 Kf2 92.Bh4+ Kf1 93.a4 e3+
94.Kd1 Bb3+ 95.Kc1 Bxa4 0-1

[Event "POL-chT2"]
[Site "Poronin POL"]
[Date "2016.09.07"]
[Round "5.1"]
[White "Lubczynski, Rafal"]
[Black "Jakubowski, Krzysztof"]
[Result "1/2-1/2"]
[WhiteElo "2431"]
[BlackElo "2529"]
[EventDate "2016.09.02"]

1.d4 Nf6 2.c4 e6 3.Nf3 d5 4.g3 dxc4 5.Bg2 a6 6.a4 c5 7.Qc2 cxd4 8.Qxc4 Nc6
9.O-O Be7 10.Bf4 Nh5 11.Be5 Bf6 12.Qc5 Be7 13.Qc4 Bf6 14.Qc5 Be7 15.Qc4 
Nxe5 16.Nxe5 f6 17.Bf3 1/2-1/2

[Event "POL-chT2"]
[Site "Poronin POL"]
[Date "2016.09.07"]
[Round "5.2"]
[White "Jaworski, Miroslaw"]
[Black "Chojnacki, Krzysztof"]
[Result "0-1"]
[WhiteElo "2263"]
[BlackElo "2369"]
[EventDate "2016.09.02"]

1.d4 d6 2.c4 f5 3.Nf3 Nf6 4.g3 g6 5.Bg2 Bg7 6.O-O O-O 7.Nc3 c6 8.d5 e5 9.
dxe6 Bxe6 10.Qd3 Ng4 11.b3 Na6 12.Nd4 Bd7 13.e3 Qe7 14.Bb2 Rad8 15.Rad1 g5
16.Nc2 Be6 17.f4 h6 18.Nd4 Bc8 19.Rfe1 Nc5 20.Qd2 Nf6 21.Qc2 Nce4 22.Nde2 
Nf2 23.Nd5 cxd5 24.Bxf6 Qxe3 25.Bxd5+ Kh7 26.Nd4 Nxd1+ 27.Rxe3 Nxe3 28.Qd2
Bxf6 29.Qxe3 gxf4 30.gxf4 Rde8 31.Qd2 Bd8 32.Kf1 Bb6 33.b4 Re7 34.Qc3 Rfe8
35.c5 dxc5 36.bxc5 Bc7 37.Qf3 b6 38.c6 Bd6 39.Nc2 Ba6+ 40.Kg2 Re2+ 41.Kh3 
Rxc2 0-1

[Event "POL-chT2"]
[Site "Poronin POL"]
[Date "2016.09.07"]
[Round "5.3"]
[White "Musialkiewicz, Jan"]
[Black "Polok, Kacper"]
[Result "1/2-1/2"]
[WhiteElo "2264"]
[BlackElo "2299"]
[EventDate "2016.09.02"]

1.c4 e5 2.Nc3 Nf6 3.g3 c6 4.Bg2 d5 5.cxd5 cxd5 6.Qb3 Nc6 7.d3 Nd4 8.Qd1 
Bc5 9.Bg5 Be6 10.e3 Nf5 11.Nge2 d4 12.exd4 exd4 13.Ne4 Bb4+ 14.Kf1 Be7 15.
Bxf6 Bxf6 16.Nf4 O-O 17.Nxe6 fxe6 18.Qb3 Qe7 19.Bh3 Kh8 20.Kg2 Bg5 21.Rhf1
Bh6 22.Rae1 e5 23.Qd5 Rad8 24.Qc5 b6 25.Qxe7 Nxe7 26.Be6 Nc6 27.Re2 Nb4 
28.Bc4 a6 29.a3 b5 30.Bxb5 axb5 31.axb4 g6 32.Nc5 Rfe8 33.Rfe1 Rd5 34.f4 
Bg7 35.Re4 Kg8 36.fxe5 Rexe5 37.Ra1 Rd8 38.Ra7 Rxe4 39.Nxe4 Rc8 40.Nc5 Bf8
41.Ne6 Re8 42.Nxd4 Re3 43.Ra8 Kf7 44.Ra7+ Kg8 45.Nxb5 Rxd3 46.Nc3 Bg7 47.
Ne4 h6 48.b5 Rd4 49.Kf3 Rb4 50.Rb7 Rxb2 51.h4 Be5 52.b6 Rb3+ 53.Ke2 Bd4 
54.Rb8+ Kf7 55.Nd6+ Ke6 56.b7 Kxd6 57.Rd8+ Kc7 58.Rxd4 1/2-1/2

[Event "POL-chT2"]
[Site "Poronin POL"]
[Date "2016.09.07"]
[Round "5.4"]
[White "Obrusnik, Michal"]
[Black "Musialkiewicz, Pawel"]
[Result "1-0"]
[WhiteElo "2276"]
[BlackElo "2278"]
[EventDate "2016.09.02"]

1.e4 e6 2.d4 d5 3.Nc3 Nf6 4.Bg5 Bb4 5.e5 h6 6.Bh4 g5 7.Bg3 Ne4 8.Ne2 c5 9.
a3 Bxc3+ 10.Nxc3 Qa5 11.dxc5 Nc6 12.b4 Nxb4 13.Nxe4 Nd3+ 14.Ke2 dxe4 15.
cxd3 Bd7 16.Qd2 exd3+ 17.Ke1 Qxc5 18.Bxd3 Bc6 19.Ke2 Rd8 20.Qe3 Qc3 21.
Rhc1 Qb2+ 22.Ke1 O-O 23.Rab1 Qd4 24.Qxd4 Rxd4 25.Be2 Bxg2 26.f3 b6 27.Kf2 
Bh3 28.Ke3 Ra4 29.Rb3 Rd8 30.Rd1 Rxd1 31.Bxd1 h5 32.Be2 h4 33.Be1 Rf4 34.
Rb4 Rxb4 35.axb4 Kg7 36.b5 f5 37.f4 Kg6 38.Bb4 Bg2 39.fxg5 h3 40.Kf4 1-0

[Event "POL-chT2"]
[Site "Poronin POL"]
[Date "2016.09.07"]
[Round "5.5"]
[White "Bardeli, Lukasz"]
[Black "Orzechowski, Jacek"]
[Result "1-0"]
[WhiteElo "2188"]
[BlackElo "2135"]
[EventDate "2016.09.02"]

1.Nf3 d5 2.g3 c6 3.Bg2 Nf6 4.O-O Bf5 5.b3 e6 6.Bb2 h6 7.d3 Be7 8.Nbd2 O-O 
9.e3 Nbd7 10.Qe2 Bh7 11.e4 a5 12.e5 Ne8 13.a3 Nc7 14.Rfc1 Qb8 15.d4 b5 16.
Ne1 Qb6 17.Nd3 b4 18.a4 Na6 19.Bf1 Rfc8 20.Nf3 Rc7 21.Qe3 Rac8 22.Re1 Qb7 
23.Rac1 Be4 24.h4 c5 25.dxc5 Naxc5 26.Nd4 Nxd3 27.cxd3 Bg6 28.Nb5 Rxc1 29.
Rxc1 Rxc1 30.Qxc1 Bc5 31.d4 Bb6 32.Be2 Nb8 33.h5 Bh7 34.Nd6 Qc7 35.Qf4 Bc2
36.Bb5 Bxb3 37.Be8 Bc2 38.Bxf7+ Kh7 39.Bxe6 Nc6 40.Qf8 1-0

[Event "POL-chT2"]
[Site "Poronin POL"]
[Date "2016.09.07"]
[Round "5.6"]
[White "Zemlickova, Olena"]
[Black "Golek, Jagoda"]
[Result "0-1"]
[WhiteElo "2091"]
[BlackElo "2044"]
[EventDate "2016.09.02"]

1.d4 c5 2.e3 cxd4 3.exd4 d5 4.Bd3 Nc6 5.c3 Nf6 6.Bf4 Bg4 7.Qb3 Qc8 8.Nd2 
e6 9.Ngf3 Be7 10.Ne5 Nxe5 11.Bxe5 O-O 12.Qc2 Bf5 13.O-O Bg6 14.a4 a6 15.a5
Qc6 16.Bxf6 Bxf6 17.f4 Bxd4+ 18.Kh1 Bf6 19.f5 exf5 20.Bxf5 Rad8 21.Qd3 
Rfe8 22.Nf3 Re7 23.Nd4 Qc7 24.Nf3 Qc5 25.Nd4 Rde8 26.Bxg6 hxg6 27.Nb3 Qc6 
28.Rad1 Re5 29.Nd4 Qc4 30.Qd2 Re4 31.Qf2 Qc7 32.Ra1 Bxd4 33.cxd4 f6 34.
Rfc1 Qe7 35.h3 Qb4 36.Qg3 g5 37.Qc7 Qxb2 38.Rab1 Qxd4 39.Qxb7 R4e6 40.Rd1 
Qe4 41.Rxd5 Qxb1+ 42.Qxb1 Re1+ 43.Qxe1 Rxe1+ 44.Kh2 Re5 45.Rd7 Rxa5 46.Kg3
Kh7 47.Kf3 Ra1 48.Ra7 a5 49.Ke4 Kg6 50.Kd5 Ra2 51.g4 Ra3 52.Ke6 Rxh3 53.
Rxa5 Re3+ 54.Kd6 Re4 55.Ra7 Rxg4 56.Ke7 Rc4 57.Kf8 g4 58.Rxg7+ Kf5 59.Ra7 
Kf4 60.Kf7 g3 61.Kxf6 Rc6+ 62.Ke7 g2 0-1

[Event "POL-chT2"]
[Site "Poronin POL"]
[Date "2016.09.07"]
[Round "5.7"]
[White "Janaszak, Dawid"]
[Black "Ponizil, Cyril"]
[Result "1-0"]
[WhiteElo "2384"]
[BlackElo "2521"]
[EventDate "2016.09.02"]

1.d4 Nf6 2.Bg5 d5 3.Nd2 c5 4.e3 Nc6 5.c3 cxd4 6.exd4 Bg4 7.Qb3 Qb6 8.Ngf3 
e6 9.Qxb6 axb6 10.Bb5 Bd6 11.Ne5 Bxe5 12.dxe5 Nd7 13.f4 Nc5 14.Bh4 Bf5 15.
Bf2 Na4 16.c4 Nxb2 17.cxd5 exd5 18.Bxb6 Bd3 19.Bxc6+ bxc6 20.Bd4 Nc4 21.h4
Na3 22.O-O-O Bc2 23.Rde1 Nb5 24.Bb2 Bf5 25.h5 Rxa2 26.h6 g6 27.e6 Rxb2 28.
exf7+ Kxf7 29.Kxb2 Rb8 30.Re5 Rb7 31.Ra1 Nd4+ 32.Kc3 Ne6 33.g3 Nc5 34.Ra8 
Nd7 35.Rh8 Kf6 36.Rxh7 Be6 37.Nf3 Bf7 38.Re1 Nf8 39.Rh8 Rb8 40.Ng5 d4+ 41.
Kxd4 1-0

[Event "POL-chT2"]
[Site "Poronin POL"]
[Date "2016.09.07"]
[Round "5.8"]
[White "Piesik, Piotr"]
[Black "Dudzinski, Pawel"]
[Result "1/2-1/2"]
[WhiteElo "2298"]
[BlackElo "2232"]
[EventDate "2016.09.02"]

1.Nf3 g6 2.d4 Bg7 3.c3 d5 4.Bf4 Nf6 5.Nbd2 O-O 6.h3 b6 7.e3 c5 8.a4 a5 9.
Bb5 Bb7 10.O-O Ne8 11.Be5 Nd6 12.Bxg7 Kxg7 13.Be2 Nd7 14.b4 axb4 15.cxb4 
c4 16.Nb1 Ne4 17.Nfd2 f5 18.Nxe4 fxe4 19.f4 exf3 20.Bxf3 Nf6 21.Nc3 Qd6 
22.Rb1 Bc6 23.Qc2 Ra7 24.Bd1 e5 25.Qf2 e4 26.Qf4 Qxf4 27.Rxf4 Ne8 28.Rxf8 
Kxf8 29.b5 Bb7 30.Bg4 Nf6 31.Rf1 Ke7 32.Bd1 Ra8 33.Kf2 Rf8 34.Ke1 Nd7 35.
Rxf8 Kxf8 36.h4 h6 37.Bg4 Nf6 38.Bh3 g5 39.hxg5 hxg5 40.Bf5 Ke7 41.Kd2 Kd8
42.Be6 Ke7 43.Bf5 Kd8 44.Be6 Ke7 1/2-1/2

[Event "POL-chT2"]
[Site "Poronin POL"]
[Date "2016.09.07"]
[Round "5.9"]
[White "Szadkowski, Kamil"]
[Black "Paszewski, Mateusz"]
[Result "1/2-1/2"]
[WhiteElo "2198"]
[BlackElo "2272"]
[EventDate "2016.09.02"]

1.e4 c5 2.Nf3 d6 3.d4 cxd4 4.Nxd4 Nf6 5.Nc3 g6 6.Be3 Bg7 7.f3 O-O 8.Bc4 
Nc6 9.Bb3 Bd7 10.Qd2 Rc8 11.O-O-O Nxd4 12.Bxd4 b5 13.Nd5 Nxd5 14.Bxg7 Kxg7
15.exd5 a5 16.a3 Kg8 17.g4 b4 18.axb4 axb4 19.Qxb4 Rb8 20.Qc3 Qb6 21.Rd4 
Rfc8 22.Rc4 e5 23.Re1 Qf2 24.Qe3 Qxh2 25.Qa7 Be8 26.Rxc8 Rxc8 27.Qa6 Qf2 
28.Re4 Qg1+ 29.Kd2 Qc5 30.Qc4 Qf2+ 31.Qe2 Qa7 32.Rc4 Qa5+ 33.Rc3 f6 34.Qe3
Bf7 35.Qd3 Kg7 36.Bc4 Rc5 37.Ke2 Bxd5 38.Bxd5 Rxd5 39.Qe3 Rd4 40.Rb3 Qa6+ 
41.Kf2 Qc6 42.Rc3 Qb7 43.Rb3 Qd5 44.Rc3 Rf4 45.Qd3 Qxd3 46.Rxd3 Rc4 47.c3 
Rc6 48.Rd5 Kf7 49.Ra5 Rc7 50.Ke3 Ke6 51.Ra6 h5 52.Ra8 hxg4 53.fxg4 Rc4 54.
Kf3 Rf4+ 55.Kg3 f5 56.gxf5+ gxf5 57.Rc8 Rf1 58.b4 Kd5 59.c4+ Ke4 60.b5 f4+
61.Kg2 Rb1 62.Rd8 f3+ 63.Kf2 Rb2+ 64.Kg3 Rg2+ 65.Kh3 Rc2 66.b6 Rb2 67.Rxd6
Ke3 68.Rf6 Kd4 69.Rxf3 Rxb6 70.Kg3 e4 71.Rf5 Ke3 72.Kg2 Rb2+ 73.Kf1 Rb1+ 
74.Kg2 Rb2+ 75.Kf1 Rb1+ 76.Kg2 Ke2 77.Rf2+ Kd3 78.Ra2 e3 79.Ra3+ Ke4 80.
Ra2 Rc1 81.c5 Rxc5 82.Kf1 Kf3 83.Rf2+ Ke4 84.Rf8 Rc1+ 85.Ke2 Rc2+ 86.Ke1 
Rh2 1/2-1/2

[Event "POL-chT2"]
[Site "Poronin POL"]
[Date "2016.09.07"]
[Round "5.10"]
[White "Flis, Jacek"]
[Black "Michalski, Filip"]
[Result "1-0"]
[WhiteElo "2270"]
[BlackElo "2151"]
[EventDate "2016.09.02"]

1.e4 e6 2.d4 d5 3.Nd2 Be7 4.Bd3 c5 5.dxc5 Nf6 6.Qe2 O-O 7.Ngf3 a5 8.O-O 
Na6 9.e5 Nd7 10.c3 Naxc5 11.Bc2 b5 12.Nd4 Qc7 13.f4 b4 14.Qh5 g6 15.Qh6 
Ba6 16.Rf3 Rfc8 17.Rh3 Nf8 18.N2f3 bxc3 19.bxc3 Bd3 20.Bxd3 Nxd3 21.Bd2 
Qb6 22.Rf1 Nc5 23.Be3 Qc7 24.Rg3 f5 25.exf6 Bxf6 26.Ng5 Qg7 27.Qh3 Bxg5 
28.fxg5 e5 29.Ne2 Ne4 30.Rgf3 Rc7 31.Rxf8+ Rxf8 32.Qe6+ Rcf7 33.Qxd5 Kh8 
34.Rd1 Nf2 35.Rb1 Ng4 36.Bc5 Rc8 37.h3 Rd7 38.Qe6 Rdc7 39.Bd6 Qd7 40.Qd5 
Rd8 41.Rb6 Qf7 42.Qxf7 Rxf7 43.hxg4 Kg8 44.c4 e4 45.c5 a4 46.Rb4 e3 47.Re4
Rb7 48.Rxe3 Rb2 49.Nc3 a3 50.Nd5 Rb7 51.Rxa3 1-0

[Event "POL-chT2"]
[Site "Poronin POL"]
[Date "2016.09.07"]
[Round "5.11"]
[White "Wlodarczyk, Oskar"]
[Black "Tomaszewski, Roman"]
[Result "0-1"]
[WhiteElo "2275"]
[BlackElo "2296"]
[EventDate "2016.09.02"]

1.e4 c6 2.c4 d5 3.exd5 cxd5 4.cxd5 Nf6 5.Nc3 g6 6.Qb3 Bg7 7.Nf3 O-O 8.d4 
Nbd7 9.Be2 Nb6 10.O-O Nfxd5 11.Ne4 Be6 12.Qa3 Nf6 13.Nc5 Bd5 14.Bf4 Nh5 
15.Be3 Nc4 16.Bxc4 Bxc4 17.Nxb7 Qd5 18.Rfc1 Be2 19.Rc7 Bxf3 20.gxf3 Qxf3 
21.Qxe7 Rae8 22.Qd7 Rxe3 23.fxe3 Qxe3+ 24.Kf1 Bxd4 25.Rc2 Qd3+ 26.Re2 Nf4 
27.Qg4 Re8 28.Re1 Rxe2 29.Rxe2 Qd1+ 0-1

[Event "POL-chT2"]
[Site "Poronin POL"]
[Date "2016.09.07"]
[Round "5.12"]
[White "Lach, Aleksandra"]
[Black "Magnucka, Milena"]
[Result "1/2-1/2"]
[WhiteElo "2154"]
[BlackElo "1994"]
[EventDate "2016.09.02"]

1.e4 d6 2.d4 Nf6 3.Nc3 g6 4.f4 Bg7 5.Nf3 O-O 6.Bd3 Na6 7.O-O c5 8.d5 Bg4 
9.Bc4 Nd7 10.Qe2 Qc8 11.a4 Nb6 12.Bxa6 bxa6 13.a5 Nd7 14.Nd1 Rb8 15.c3 
Bxf3 16.Rxf3 Nf6 17.Ra4 Qd7 18.Qc2 Rfc8 19.Ne3 Rb7 20.Rf1 Rbc7 21.Rd1 c4 
22.Rb4 Rc5 23.h3 Ne8 24.Qe2 Qc7 25.Ra4 Bh6 26.Qf3 Qd7 27.Rb4 Bg7 28.Kh2 
Qc7 29.Ra4 Qd7 30.Rb4 Qc7 31.Qe2 Bh6 32.g3 Bg7 33.Ra4 Kh8 34.Qc2 Qd7 35.
Rb4 Qc7 36.Ra4 Qd7 37.Rb4 Qc7 38.Qe2 Kg8 39.Ra4 Kh8 40.Qc2 Kg8 41.Qe2 Kh8 
42.Kg2 Kg8 43.f5 Be5 44.fxg6 hxg6 45.Ng4 Nf6 46.Nxe5 dxe5 47.Bg5 Qd6 48.
Rf1 1/2-1/2

[Event "POL-chT2"]
[Site "Poronin POL"]
[Date "2016.09.07"]
[Round "5.13"]
[White "Gritsak, Orest"]
[Black "Krzywda, Andrzej"]
[Result "1-0"]
[WhiteElo "2497"]
[BlackElo "2148"]
[EventDate "2016.09.02"]

1.Nf3 Nf6 2.c4 e6 3.d4 d5 4.Nc3 Bb4 5.Bg5 Nbd7 6.cxd5 exd5 7.Qb3 c5 8.a3 
Qa5 9.Bd2 O-O 10.dxc5 Bxc3 11.Bxc3 Nxc5 12.Qb4 Qxb4 13.axb4 Nce4 14.Bxf6 
Nxf6 15.Nd4 Rd8 16.e3 Rd6 17.f3 Bd7 18.Kd2 Rb6 19.b5 a6 20.b3 Kf8 21.Bd3 
Ke7 22.Ra5 Kd6 23.g4 h6 24.h4 Ne8 25.bxa6 Nc7 26.a7 Na6 27.Bb5 Be6 28.Ba4 
Ke7 29.Nb5 Bd7 30.Nc3 Be6 31.Nxd5+ Bxd5 32.Rxd5 Rxa7 33.Rc1 Rd6 34.Rd3 Ra8
35.Bb5 Rad8 36.Ke2 Rxd3 37.Bxd3 Rd6 38.Rc8 Rb6 39.Bc4 g5 40.h5 Rf6 41.Bd5 
b6 42.Bc4 Nc5 43.Rc7+ Kf8 44.b4 Ne6 45.Rd7 Ke8 46.Bb5 Kf8 47.Kf2 Kg7 48.
Bc4 Kf8 49.Rd6 Ke7 50.Rxb6 Nd8 51.Rxf6 Kxf6 52.Bd5 Ke5 53.e4 Kd4 54.Ke2 
Ne6 55.Bxe6 fxe6 56.b5 Kc5 57.f4 gxf4 58.g5 hxg5 59.h6 1-0

[Event "POL-chT2"]
[Site "Poronin POL"]
[Date "2016.09.07"]
[Round "5.14"]
[White "Zgadzaj, Rafal"]
[Black "Stoma, Pawel"]
[Result "1-0"]
[WhiteElo "2142"]
[BlackElo "2333"]
[EventDate "2016.09.02"]

1.Nf3 d5 2.g3 Nf6 3.Bg2 Bf5 4.O-O e6 5.c4 c6 6.d3 Be7 7.Be3 O-O 8.Qb3 Qc7 
9.Nc3 dxc4 10.Qxc4 e5 11.Rac1 Nbd7 12.Qa4 Nc5 13.Qc2 a6 14.b4 Ne6 15.Qb2 
Bd6 16.Nh4 Bg4 17.Na4 Nd8 18.Nb6 Rb8 19.Nc4 b6 20.d4 Nd7 21.Rfd1 f6 22.h3 
Be6 23.d5 Bxd5 24.Bxd5+ cxd5 25.Rxd5 Be7 26.Nxb6 Qxc1+ 27.Qxc1 Nxb6 28.
Bxb6 Rxb6 29.Rd7 Rc6 30.Qd2 Re8 31.Nf5 1-0